000 00488nam a2200193Ia 4500
005 20240823032205.0
008 240823s9999||||xx |||||||||||||| ||und||
020 _a978-81-9086-797-9
041 _aENGLISH
082 _A621.6822 Q1
100 _aSenthilkumar
245 0 _aDigital Signal Processing and its Applications
250 _a1st
260 _c2011
_bScitext Public
500 _aYES
650 _aDigital Signal Processing
_bElectronics
942 _cBK
999 _c192866
_d192866